000 00347nam a2200169Ia 4500
100 _aSchildt/ Herbert
650 _aJava
250 _a7
942 _cBK
366 _f25
245 _aComplete Reference JAVA
260 _bTata McGraw Hill
_c2007
082 _a5.133
_bSCH
300 _a1024
546 _aENGLISH
_cPAMPHALETS
999 _c30770
_d30770